LEADER 00975nam0 22002411i 450 001 UON00178525 005 20231205103122.417 010 $a88-14-00367-X 100 $a20030730d1984 |0itac50 ba 101 $aita 102 $aIT 105 $a|||| 1|||| 200 1 $aConsiderazioni sugli atti di governo e sull'atto politico$el'esperienza italia na e francese nello stato liberale$fGiuseppe Di Gaspare 210 $aMilano$cGiuffré $d1984 215 $app. 252 cm. 26 606 $aDiritto pubblico comparato$xStudi$3UONC035027$2FI 700 1$aDI_GASPARE$bGiuseppe$3UONV100420$0125835 801 $aIT$bSOL$c20250221$gRICA 899 $aSIBA - SISTEMA BIBLIOTECARIO DI ATENEO$2UONSI 912 $aUON00178525 950 $aSIBA - SISTEMA BIBLIOTECARIO DI ATENEO$dSI PUB C 0560 $eSI SC 14905 5 0560 996 $aConsiderazioni sugli atti di governo e sull'atto politico$9658355 997 $aUNIOR